Creighton Basketball: Top 10 All-Time Leaders - Statistics

General Stats
  • This quiz has been taken 30 times
    18 since last reset
  • The average score is 28 of 91
Answer Stats
Category # Name Amount % Correct
Points 7 Ryan Kalkbrenner 1,771
100%
Rebounds 8 Ryan Kalkbrenner 843
100%
Blocks 2 Ryan Kalkbrenner 306
100%
Field Goal Percent 1 Ryan Kalkbrenner 66.0%
100%
Games T10 Ryan Kalkbrenner 134
100%
Points 1 Doug McDermott 3,150
92%
Rebounds 4 Doug McDermott 1,088
92%
Three Pointers Made 4 Doug McDermott 274
92%
Field Goal Percent 5 Doug McDermott 55.0%
92%
Points Per Game 2 Doug McDermott 21.7
92%
Games T2 Doug McDermott 145
92%
Three Pointers Made 8 Ty-Shon Alexander 210
62%
Points 6 Kyle Korver 1,801
54%
Steals 5 Kyle Korver 172
54%
Three Pointers Made 1 Kyle Korver 371
54%
Rebounds 5 Benoit Benjamin 1,005
38%
Blocks 1 Benoit Benjamin 411
38%
Field Goal Percent 3 Benoit Benjamin 56.2%
38%
Points Per Game 6 Benoit Benjamin 17.7
38%
Steals 2 Josh Dotzler 196
38%
Games T7 Kaleb Korver 135
38%
Points Per Game 4 Marcus Foster 19.0
38%
Points 8 Nate Funk 1,754
38%
Three Pointers Made 10 Nate Funk 200
38%
Games T7 Nate Funk 135
38%
Points 10 Paul Silas 1,661
38%
Rebounds 1 Paul Silas 1,751
38%
Points Per Game 3 Paul Silas 20.5
38%
Blocks 7 Anthony Tolliver 136
31%
Three Pointers Made 2 Ethan Wragge 334
31%
Games 1 Ethan Wragge 149
31%
Assists 4 Grant Gibbs 498
31%
Assists 9 Maurice Watson, Jr. 390
31%
Assists 1 Ryan Sears 570
31%
Steals 1 Ryan Sears 283
31%
Three Pointers Made 5 Ryan Sears 245
31%
Assists 5 Austin Chatman 493
23%
Games 6 Austin Chatman 139
23%
Steals 10 Ben Walker 148
23%
Points 5 Bob Portman 1,876
23%
Rebounds 6 Bob Portman 979
23%
Points Per Game 1 Bob Portman 24.7
23%
Blocks 6 Brody Deren 138
23%
Three Pointers Made 9 Jahenns Manigat 206
23%
Games T2 Jahenns Manigat 145
23%
Field Goal Percent 6 John Johnson 53.7%
23%
Points 2 Rodney Buford 2,116
23%
Rebounds 10 Rodney Buford 716
23%
Steals 3 Rodney Buford 195
23%
Three Pointers Made 7 Rodney Buford 212
23%
Points Per Game 5 Rodney Buford 17.9
23%
Assists 7 Tyler McKinney 430
23%
Points 3 Bob Harstad 2,100
15%
Rebounds 3 Bob Harstad 1,126
15%
Points 4 Chad Gallagher 1,983
15%
Rebounds 7 Chad Gallagher 891
15%
Blocks 3 Chad Gallagher 183
15%
Field Goal Percent 4 Chad Gallagher 55.1%
15%
Steals 4 Duan Cole 186
15%
Blocks 9 Joe Dabbert 104
15%
Steals 7 Johnny Mathies 157
15%
Rebounds 9 Kenny Lawson 762
15%
Blocks 5 Kenny Lawson 153
15%
Games 4 Kenny Lawson 143
15%
Field Goal Percent 9 Khyri Thomas 51.1%
15%
Three Pointers Made 3 Mitchell Ballock 308
15%
Assists 6 Randy Eccker 458
15%
Points Per Game 9 Rod Mason 17.1
15%
Assists 8 Vernon Moore 418
15%
Steals 9 Vernon Moore 150
15%
Field Goal Percent 2 Vernon Moore 58.5%
15%
Assists 3 Antoine Young 505
8%
Games 5 Antoine Young 142
8%
Games T10 Avery Dingman 134
8%
Blocks 10 Christian Bishop 82
8%
Blocks 4 Gregory Echenique 174
8%
Steals 8 Latrell Wrightsell 154
8%
Assists 10 Marcus Zegarowski 389
8%
Three Pointers Made 6 Marcus Zegarowski 215
8%
Assists 2 Ralph Bobik 549
8%
Points 9 Rick Apke 1,682
8%
Field Goal Percent 7 Rick Apke 53.5%
8%
Points Per Game 8 Tim Powers 17.3
8%
Field Goal Percent 10 Daryl Stovall 49.9%
0%
Blocks 8 Doug Swenson 109
0%
Rebounds 2 Elton Tuttle 1,435
0%
Steals 6 Gary Swain 161
0%
Field Goal Percent 8 Gene Harmon 52.9%
0%
Points Per Game 10 Gene Harmon 16.7
0%
Points Per Game 7 Wally Anderzunas 17.4
0%
Games T7 Will Artino 135
0%
No matching quizzes found
Score Distribution
Percent of People with Each Score
Percentile by Number Answered
Your Score History
You have not taken this quiz since the last reset